National construction contracts and law survey 2012 (Record no. 114524)
[ view plain ]
| 000 -LEADER | |
|---|---|
| fixed length control field | 01608cad a22002775a 4500 |
| 001 - CONTROL NUMBER | |
| control field | L156971 |
| 008 - FIXED-LENGTH DATA ELEMENTS--GENERAL INFORMATION | |
| fixed length control field | 120802s2012 xxk f 000 0 eng d |
| 035 ## - SYSTEM CONTROL NUMBER | |
| System control number | (Sirsi) u156971 |
| 041 0# - LANGUAGE CODE | |
| Language code of text/sound track or separate title | eng |
| 050 04 - LIBRARY OF CONGRESS CALL NUMBER | |
| Classification number | 692.8 $2 18 |
| 110 2# - MAIN ENTRY--CORPORATE NAME | |
| Corporate name or jurisdiction name as entry element | National Buildings Specification |
| 9 (RLIN) | 5911 |
| 240 ## - UNIFORM TITLE | |
| Uniform title | NBS BIM report |
| 245 00 - TITLE STATEMENT | |
| Title | National construction contracts and law survey 2012 |
| Medium | [electronic resource] |
| 260 ## - PUBLICATION, DISTRIBUTION, ETC. | |
| Place of publication, distribution, etc. | [S.l.] |
| Name of publisher, distributor, etc. | RIBA Enterprises Ltd |
| Date of publication, distribution, etc. | 2012 |
| 505 2# - FORMATTED CONTENTS NOTE | |
| Formatted contents note | Why is collaboration so hard? -- National Construction Contracts and Law Survey 2012 -- A bit of common sense -- UK construction adjudication: current trends and practical tips -- Going back to the basics |
| 520 ## - SUMMARY, ETC. | |
| Summary, etc. | The first annual NBS national construction contracts and law survey shows that as with BIM, progress is at its best where there's collaboration. Many of the advantages that BIM brings (the requirement to collaborate, improved co-ordination, efficient working) are to do with basic good practice, mutual understanding, clear communication, information sharing and standardization and this survey underlines how significant these are to contracts and law as well. The survey was completed by members of many organisations in the industry including RICS. |
| 590 ## - LOCAL NOTE (RLIN) | |
| Local note | KA NTK |
| 650 24 - SUBJECT ADDED ENTRY--TOPICAL TERM | |
| Topical term or geographic name entry element | BUILDING INFORMATION MODELLING |
| 650 24 - SUBJECT ADDED ENTRY--TOPICAL TERM | |
| Topical term or geographic name entry element | BIM |
| 9 (RLIN) | 6219 |
| 651 #4 - SUBJECT ADDED ENTRY--GEOGRAPHIC NAME | |
| Geographic name | United Kingdom |
| Chronological subdivision | |
| 690 ## - LOCAL SUBJECT ADDED ENTRY--TOPICAL TERM (OCLC, RLIN) | |
| Topical term or geographic name as entry element | Contracts |
| 9 (RLIN) | 6232 |
| 690 ## - LOCAL SUBJECT ADDED ENTRY--TOPICAL TERM (OCLC, RLIN) | |
| Topical term or geographic name as entry element | BIM |
| 9 (RLIN) | 6219 |
| 710 1# - ADDED ENTRY--CORPORATE NAME | |
| Corporate name or jurisdiction name as entry element | RIBA Enterprises Ltd |
| 856 40 - ELECTRONIC LOCATION AND ACCESS | |
| Uniform Resource Identifier | <a href="https://www.thenbs.com/~/media/files/pdf/nbscontractsandlaw_2012.pdf?la=en">https://www.thenbs.com/~/media/files/pdf/nbscontractsandlaw_2012.pdf?la=en</a> |
| Public note | View the item free of charge at www.thenbs.com |
| 942 ## - ADDED ENTRY ELEMENTS (KOHA) | |
| Suppress in OPAC | 0 |
| Withdrawn status | Lost status | Source of classification or shelving scheme | Damaged status | Not for loan | Home library | Current library | Shelving location | Date acquired | Total Checkouts | Full call number | Barcode | Date last seen | Copy number | Price effective from | Koha item type |
|---|---|---|---|---|---|---|---|---|---|---|---|---|---|---|---|
| Dewey Decimal Classification | Virtual | Virtual | Online | 02/08/2012 | ONLINE PUBLICATION | 156971-2001 | 06/08/2019 | 1 | 06/08/2019 | Book |